[Event "CZE-chT2F 1314"]
[Site "Czech Republic"]
[Date "2014.02.16"]
[Round "8.61"]
[White "Macicek, Jakub"]
[Black "Motuz, Karol"]
[Result "1/2-1/2"]
[WhiteElo "2230"]
[BlackElo "2312"]
[PlyCount "88"]
[EventDate "2013.11.03"]
[EventType "team-tourn"]
[EventRounds "11"]
[EventCountry "CZE"]
[SourceTitle "EXT 2016"]
[Source "ChessBase"]
[SourceDate "2015.10.08"]
[SourceVersion "1"]
[SourceVersionDate "2015.10.08"]
[SourceQuality "1"]
[WhiteTeam "Poruba VOKD"]
[BlackTeam "Hostalkova"]
[WhiteTeamCountry "CZE"]
[BlackTeamCountry "CZE"]

1. e4 e5 2. f4 exf4 3. Nf3 d5 4. exd5 Nf6 5. Bc4 Nxd5 6. Bxd5 Qxd5 7. Nc3 Qf5 8. 0-0 Nc6 9. d4 Be6 10. Ne2 g5 11. b3 0-0-0 12. c4 Bg7 13. Bb2 Rhe8 14. Qd2 Qg6 15. d5 Bg4 16. Ned4 Nxd4 17. Nxd4 Re3 18. Qa5 Qb6 19. Qxb6 axb6 20. Rab1 Rde8 21. h3 Rd3 22. hxg4 Bxd4+ 23. Bxd4 Rxd4 24. Rb2 f6 25. Kf2 Re7 26. Rh1 Rde4 27. Rh6 Rf7 28. Re2 Rxe2+ 29. Kxe2 Kd7 30. Kd3 Ke8 31. Ke4 Kf8 32. d6 cxd6 33. Kd5 Ke7 34. b4 f5 35. Re6+ Kd7 36. Rxd6+ Kc7 37. gxf5 Rxf5+ 38. Ke6 Rf8 39. Rd7+ Kb8 40. Rxh7 g4 41. Ke5 f3 42. gxf3 Rxf3 43. Rg7 g3 44. b5 Ka7 1/2-1/2

[Event "Ostrava Konik op-A"]
[Site "Ostrava"]
[Date "2012.04.30"]
[Round "3"]
[White "Kubik, Michael"]
[Black "Macicek, Jakub"]
[Result "1-0"]
[WhiteElo "2030"]
[BlackElo "2171"]
[PlyCount "111"]
[EventDate "2012.04.28"]
[EventType "swiss"]
[EventRounds "9"]
[EventCountry "CZE"]
[SourceTitle "CBM 148 Extra"]
[Source "ChessBase"]
[SourceDate "2012.06.22"]
[SourceVersion "1"]
[SourceVersionDate "2012.06.22"]
[SourceQuality "1"]

1. e4 e6 2. d4 d5 3. Nc3 Bb4 4. e5 c5 5. a3 Bxc3+ 6. bxc3 Qa5 7. Bd2 Qa4 8. Qg4 g6 9. Nf3 Nc6 10. Qf4 c4 11. Ng5 Nd8 12. Kd1 h6 13. Qh4 Bd7 14. g4 Ne7 15. f4 b5 16. Bh3 Rb8 17. Rf1 Rb6 18. Nf3 Ndc6 19. Qf6 Rh7 20. f5 exf5 21. e6 Bxe6 22. gxf5 Bxf5 23. Bxf5 Nxf5 24. Re1+ Nce7 25. Qe5 Qa6 26. Qxd5 Qb7 27. Qxb7 Rxb7 28. a4 Kd8 29. axb5 Nd6 30. Ne5 Nxb5 31. Nxc4 Nd5 32. Re5 Nbxc3+ 33. Bxc3 Nxc3+ 34. Kd2 Nb5 35. Na5 Rb6 36. c4 Nc7 37. d5 f6 38. Re2 Rd7 39. Kc3 a6 40. Nc6+ Kc8 41. Ne7+ Kb7 42. Rae1 Rbd6 43. Nxg6 Nxd5+ 44. cxd5 Rxd5 45. Re7 Rd3+ 46. Kc2 Rd2+ 47. Kc1 Kc6 48. Rxd7 Rxd7 49. Rf1 Rd6 50. Rf5 Kd7 51. Nf4 Ke7 52. Rh5 Rd4 53. Ne2 Rd6 54. Rxh6 Ke6 55. Rh5 Kf7 56. Nf4 1-0

[Event "Ostrava Konik op-A"]
[Site "Ostrava"]
[Date "2012.04.28"]
[Round "2"]
[White "Macicek, Jakub"]
[Black "Tilicheev, Viacheslav"]
[Result "0-1"]
[WhiteElo "2171"]
[BlackElo "2366"]
[PlyCount "104"]
[EventDate "2012.04.28"]
[EventType "swiss"]
[EventRounds "9"]
[EventCountry "CZE"]
[SourceTitle "CBM 148 Extra"]
[Source "ChessBase"]
[SourceDate "2012.06.22"]
[SourceVersion "1"]
[SourceVersionDate "2012.06.22"]
[SourceQuality "1"]

1. e4 c5 2. Nf3 d6 3. d4 cxd4 4. Nxd4 Nf6 5. Nc3 Nc6 6. Bc4 e6 7. Be3 Be7 8. Qe2 0-0 9. 0-0-0 a6 10. Bb3 Qe8 11. Rhg1 Nd7 12. g4 Nc5 13. g5 Bd7 14. Qh5 Nxd4 15. Bxd4 Nxb3+ 16. axb3 f5 17. Qxe8 Raxe8 18. f3 fxe4 19. fxe4 Bc6 20. Bb6 Rc8 21. Rg4 Be8 22. Rdg1 Bh5 23. Rh4 Bg6 24. Kd2 d5 25. exd5 exd5 26. Be3 Rf3 27. Rhg4 Rxe3 28. Kxe3 Bc5+ 29. Kf4 Bxg1 30. Rxg1 d4 31. Ne2 Rxc2 32. Nxd4 Rxh2 33. Rc1 Rh4+ 34. Ke5 Re4+ 35. Kd5 Re8 36. Rc7 h5 37. gxh6 gxh6 38. Kd6 h5 39. Rxb7 h4 40. Ne6 Bf5 41. Ng5 h3 42. Rb4 Re3 43. Rh4 Kg7 44. b4 Kf6 45. Nxh3 Bxh3 46. Kc5 Kg5 47. Rh8 Bd7 48. Ra8 Bb5 49. Rf8 Rb3 50. Rf2 Kg4 51. Rg2+ Kf4 52. Rc2 Ke4 0-1

[Event "CZE-chT2F 1112"]
[Site "Czech Republic"]
[Date "2012.03.25"]
[Round "10.46"]
[White "Macicek, Jakub"]
[Black "Suchanek, Miroslav"]
[Result "0-1"]
[WhiteElo "2159"]
[BlackElo "2079"]
[PlyCount "102"]
[EventDate "2011.10.09"]
[EventType "team-tourn"]
[EventRounds "11"]
[EventCountry "CZE"]
[SourceTitle "EXT 2013"]
[Source "ChessBase"]
[SourceDate "2012.11.22"]
[SourceVersion "1"]
[SourceVersionDate "2012.11.22"]
[SourceQuality "1"]
[WhiteTeam "Frydek Mistek II"]
[BlackTeam "Dolni Benesov"]
[WhiteTeamCountry "CZE"]
[BlackTeamCountry "CZE"]

1. e4 e6 2. d3 d5 3. Nd2 Nf6 4. Ngf3 b6 5. g3 Bb7 6. e5 Nfd7 7. Bg2 c5 8. 0-0 Qc7 9. Re1 Nc6 10. Qe2 g6 11. Nf1 Bg7 12. Bf4 h6 13. h4 g5 14. hxg5 hxg5 15. Nxg5 Ndxe5 16. Nf3 Nxf3+ 17. Qxf3 Qd7 18. c3 0-0-0 19. Rac1 d4 20. b4 dxc3 21. bxc5 b5 22. Bd6 Nb4 23. Qg4 Bxg2 24. Kxg2 Nxd3 25. Qxg7 e5 26. Ne3 Rdg8 27. Qf6 Nf4+ 28. Kg1 Qc6 29. Qf5+ Kb7 30. Qxf7+ Ka8 31. Nd5 Nxd5 32. Qf3 b4 33. Rxe5 Ne7 34. Qxc6+ Nxc6 35. Re4 Re8 36. Rce1 Rxe4 37. Rxe4 a5 38. f4 a4 39. f5 Kb7 40. Rc4 Ka6 41. Bf4 Kb5 42. Re4 b3 43. axb3 axb3 44. Re1 b2 45. Rb1 Kxc5 46. Kf2 Kc4 47. g4 Kb3 48. f6 c2 49. Rxb2+ Kxb2 50. g5 Rh4 51. Be3 Ne5 0-1

[Event "CZE-chT2F 1112"]
[Site "Czech Republic"]
[Date "2012.02.19"]
[Round "8.35"]
[White "Kolar, Stanislav"]
[Black "Macicek, Jakub"]
[Result "1-0"]
[WhiteElo "2050"]
[BlackElo "2159"]
[PlyCount "73"]
[EventDate "2011.10.09"]
[EventType "team-tourn"]
[EventRounds "11"]
[EventCountry "CZE"]
[SourceTitle "EXT 2013"]
[Source "ChessBase"]
[SourceDate "2012.11.22"]
[SourceVersion "1"]
[SourceVersionDate "2012.11.22"]
[SourceQuality "1"]
[WhiteTeam "Havirov"]
[BlackTeam "Frydek Mistek II"]
[WhiteTeamCountry "CZE"]
[BlackTeamCountry "CZE"]

1. e4 e6 2. Nf3 d5 3. exd5 exd5 4. d4 Bd6 5. Bd3 Ne7 6. Nc3 c6 7. h3 0-0 8. 0-0 Bf5 9. Re1 Bxd3 10. Qxd3 Nd7 11. a4 Qc7 12. Bd2 Ng6 13. Ng5 Nf6 14. g3 h6 15. Ne6 fxe6 16. Qxg6 Qf7 17. Qxf7+ Kxf7 18. Re2 a6 19. a5 c5 20. dxc5 Bxc5 21. Na4 Bd6 22. Nb6 Rad8 23. Ra4 e5 24. Bb4 Ke6 25. Kg2 Rf7 26. Bc3 Rdf8 27. f4 Ne4 28. Nxd5 Kxd5 29. Rexe4 Re7 30. fxe5 Bc5 31. Rf4 Rfe8 32. Ra1 Kc6 33. Rd1 Kb5 34. b3 g5 35. Rc4 Rxe5 36. Bxe5 Rxe5 37. Rd7 1-0

[Event "CZE-chT2F 1112"]
[Site "Czech Republic"]
[Date "2012.02.05"]
[Round "7.54"]
[White "Szotkowski, Jakub"]
[Black "Macicek, Jakub"]
[Result "1-0"]
[WhiteElo "2008"]
[BlackElo "2159"]
[PlyCount "65"]
[EventDate "2011.10.09"]
[EventType "team-tourn"]
[EventRounds "11"]
[EventCountry "CZE"]
[SourceTitle "EXT 2013"]
[Source "ChessBase"]
[SourceDate "2012.11.22"]
[SourceVersion "1"]
[SourceVersionDate "2012.11.22"]
[SourceQuality "1"]
[WhiteTeam "Havirov Slovan"]
[BlackTeam "Frydek Mistek II"]
[WhiteTeamCountry "CZE"]
[BlackTeamCountry "CZE"]

1. d4 e6 2. c4 Nf6 3. Nf3 b6 4. g3 Bb7 5. Bg2 Bb4+ 6. Nbd2 Ne4 7. 0-0 Nxd2 8. Bxd2 Bxd2 9. Nxd2 Bxg2 10. Kxg2 0-0 11. Rc1 d6 12. Nf3 Nd7 13. Qa4 Re8 14. Rfd1 Qe7 15. Qc6 Rec8 16. b4 a5 17. a3 axb4 18. axb4 Ra7 19. c5 bxc5 20. dxc5 d5 21. Ra1 Nb8 22. Qb5 c6 23. Qd3 Rcc7 24. e4 Nd7 25. exd5 exd5 26. Re1 Qf6 27. Rxa7 Rxa7 28. Re8+ Nf8 29. Nd4 Rc7 30. Nf5 g6 31. Nd6 Qb2 32. Qe3 Qg7 33. Ra8 1-0

[Event "Marianske Lazne IM-B 11th"]
[Site "Marianske Lazne"]
[Date "2012.01.22"]
[Round "2"]
[White "Macicek, Jakub"]
[Black "Roesemann, Rainer"]
[Result "0-1"]
[WhiteElo "2159"]
[BlackElo "2302"]
[PlyCount "66"]
[EventDate "2012.01.21"]
[EventType "tourn"]
[EventRounds "9"]
[EventCountry "CZE"]
[EventCategory "1"]
[SourceTitle "CBM 146 Extra"]
[Source "ChessBase"]
[SourceDate "2012.02.29"]
[SourceVersion "1"]
[SourceVersionDate "2012.02.29"]
[SourceQuality "1"]

1. e4 c6 2. d4 d5 3. Nd2 dxe4 4. Nxe4 Bf5 5. Ng3 Bg6 6. h4 h6 7. Nf3 Nd7 8. h5 Bh7 9. Bd3 Bxd3 10. Qxd3 e6 11. Bd2 Ngf6 12. 0-0-0 Be7 13. Qe2 c5 14. Kb1 Qb6 15. dxc5 Nxc5 16. Bc3 Na4 17. Bd4 Qa5 18. Nd2 0-0 19. Nb3 Qc7 20. Be5 Qc6 21. f4 Rfd8 22. Rhe1 Nd5 23. Qf3 Rac8 24. Rd2 Nab6 25. Rde2 Nc4 26. Nf1 Qa4 27. Nfd2 Nb4 28. Nxc4 Qxa2+ 29. Kc1 Rxc4 30. Bc3 Nd5 31. Bd4 Rxd4 32. Nxd4 Qa1+ 33. Kd2 Qxb2 0-1